| 000 | 00567nam a2200193Ia 4500 | ||
|---|---|---|---|
| 003 | IIN | ||
| 005 | 20250522115950.0 | ||
| 008 | 231217s9999 xx 000 0 und d | ||
| 020 |
_cRs.550.00 _a9789386827227 |
||
| 040 |
_aIIN _bEnglish |
||
| 082 |
_a610.7343 _bMAN |
||
| 100 | 1 | _aManivannan, Shyamala D. | |
| 245 | 1 |
_aTextbook of Community Health Nursing - II _bfor B.Sc Students / _cShyamala D. Manivannan |
|
| 260 |
_aNew Delhi _bCBSPD _c2022 |
||
| 300 |
_al, 294p. / Vol.2 _bill. |
||
| 500 | _aIncludes Index | ||
| 650 | 1 |
_aCommunity Health _vNursing |
|
| 942 | _cBOOK | ||
| 999 |
_c1317 _d1317 |
||